The Miz's WrestleMania Opponents - Statistics

General Stats
  • This quiz has been taken 169 times
    115 since last reset
  • The average score is 24 of 36
Answer Stats
WrestleMania Opponent % Correct
WrestleMania XXVII John Cena
97%
WrestleMania 33* John Cena
97%
WrestleMania XXVIII Booker T
87%
WrestleMania XL Finn Balor
76%
WrestleMania XL Damian Priest
75%
WrestleMania 34 Finn Balor
75%
WrestleMania 38 Rey Mysterio
75%
WrestleMania 34 Seth Rollins
75%
WrestleMania XL Austin Theory
74%
WrestleMania 38 Dominick Mysterio
74%
WrestleMania XL Grayson Waller
74%
WrestleMania XL Kofi Kingston
74%
WrestleMania XXVI R-Truth
74%
WrestleMania XXVIII R-Truth
74%
WrestleMania 37 Damian Priest
73%
WrestleMania XXVI John Morrison
73%
WrestleMania XXVIII Zack Ryder
73%
WrestleMania 32 Zack Ryder
73%
WrestleMania 33* Nikki Bella
72%
WrestleMania 35 Shane McMahon
72%
WrestleMania 32 Kevin Owens
66%
WrestleMania XXVIII Kofi Kingston
66%
WrestleMania 32 Stardust
66%
WrestleMania XL Xavier Woods
66%
WrestleMania XL Johnny Gargano
65%
WrestleMania 32 Sami Zayn
64%
WrestleMania 32 Dolph Ziggler
63%
WrestleMania XL Tomasso Ciampa
62%
WrestleMania 37 Bad Bunny
55%
WrestleMania 32 Sin Cara
51%
WrestleMania 39 Snoop Dogg
46%
WrestleMania XXVIII Santino Marella
42%
WrestleMania XL Pete Dunne
41%
WrestleMania XL Tyler Bate
39%
WrestleMania 39 Pat McAfee
38%
WrestleMania XXVIII The Great Khali
33%
No matching quizzes found
Score Distribution
Percent of People with Each Score
Percentile by Number Answered
Your Score History
You have not taken this quiz since the last reset